La unión aduanera.

Shranjeno v:
Bibliografske podrobnosti
Korporativna značnica: Comunidades Europeas
Format: Knjiga
Izdano: Luxemburgo, Luxemburgo: Oficina de Publicaciónes de las Comunidades Europeas, 1983.
Izdaja:2a.ed.
Serija:Documentación Europea.
Teme:
Oznake: Označite
Brez oznak, prvi označite!

MARC

LEADER 00000nam a22000007a 4500
003 CL-VaPUC
005 20230706170900.0
008 230706t1983 ||||| |||| 00| 0 eng d
999 |c 441316  |d 441314 
040 |c Pontificia Universidad Católica de Valparaíso 
082 7 |a 389.91 COM 1991  |2 22 
110 1 |a Comunidades Europeas  |9 883611 
245 |a La unión aduanera.  
250 |a 2a.ed. 
260 |a Luxemburgo, Luxemburgo:  |b Oficina de Publicaciónes de las Comunidades Europeas,   |c 1983. 
300 |a 35 páginas.  
490 |a Documentación Europea.  
583 |c 20230706  |k GC 
650 0 |a Comunidad Europea  |9 255772  |x Aduanas 
650 0 |a Comunidad Europea  |9 255772  |x Integración económica 
942 |2 ddc  |c BK 
952 |0 0  |1 0  |2 ddc  |4 0  |6 389_910000000000000_COM_1991  |7 0  |8 A  |9 590689  |a BIBENE  |b BIBENE  |c GEN  |d 2023-07-06  |i 1994689  |o 389.91 COM 1991  |p 1994689  |r 2025-01-15  |t 1  |w 2023-07-06  |y BK  |k ICO